000 00997nam a2200289Ia 4500
003 OSt
005 20221006155810.0
006 a|||||r|||| 00| 0
007 ta
008 221006b |||||||| |||| 00| 0 eng d
020 _a9780123821744
_c
_79.95
024 _a43,526
037 _b167/2012-13, 15/03/2013, Pioneer Book Distributors
_cTextual
040 _aEASL
_cEASL
_beng
041 _2eng
_aeng
082 _aU2894:8.1.P1, Q1
100 _aCoppola Doman P.
_9670431
245 0 _aIntroduction to international disaster management
260 _aBurlington
_bButterworth-Heinemann USA
_c2011
300 _a696p.
_ccm.
650 _a Emergency Management - International Cooperation
_9670432
650 _a Gen
650 _a Hazard Mitigation
_9670433
650 _aDisaster relief - International Cooperation
_9670434
942 _hU2894:8.1.P1, Q1
_cTEXL
_2CC
999 _c1111612
_d1111612